| 000 | 00804cab a2200253 4500 | ||
|---|---|---|---|
| 001 | WB3234-20 | ||
| 008 | 090401t1996 xxu||||| |||| 00| 0 eng d | ||
| 035 | _a(Sirsi) u55196 | ||
| 041 | _aeng | ||
| 245 | _aWaste management - consultation | ||
| 260 | _c1996 | ||
| 350 | _a0 | ||
| 490 |
_aDoE News Release _v(371) 9 September 1996 |
||
| 490 |
_aRICS Press Release _v(PR112.PPG) 12 September 1996, (5) |
||
| 520 | _aThe Government has issued a consultation paper on draft planning guidance for waste management in England. Comments by 4 November 1996. RICS comments. | ||
| 650 | _aCONSULTATION PAPER | ||
| 650 | _aPLANNING GUIDANCE | ||
| 650 | _aPPG23 | ||
| 650 | _aRICS | ||
| 650 | _aWASTE MANAGEMENT | ||
| 690 | _aENVIRONMENTAL AND LAND CONSULTANCY | ||
| 942 | _n0 | ||
| 948 | _c04/03/1997 | ||
| 999 |
_c33729 _d33729 |
||